Crop ferality and volunteerism

Guardat en:
Dades bibliogràfiques
Autor principal: Gressel, Jonathan
Format: Llibre
Idioma:Undetermined
Publicat: New York Taylor and Francis 2005
Matèries:
Etiquetes: Afegir etiqueta
Sense etiquetes, Sigues el primer a etiquetar aquest registre!
Thư viện lưu trữ: Trung tâm Học liệu Trường Đại học Cần Thơ
LEADER 00554nam a2200205Ia 4500
001 CTU_88931
008 210402s9999 xx 000 0 und d
020 |c 2910000 
082 |a 631.523 
082 |b G832 
100 |a Gressel, Jonathan 
245 0 |a Crop ferality and volunteerism 
245 0 |c Jonathan Gressel 
260 |a New York 
260 |b Taylor and Francis 
260 |c 2005 
650 |a Transgenic plants,Rop,Polination 
650 |x Genetic engineering 
904 |i Truc 
980 |a Trung tâm Học liệu Trường Đại học Cần Thơ